Online
Catalog

Las complejas relaciones de España con La Española : (Record no. 4115)

MARC details
000 -CABECERA
campo de control de longitud fija 01398nam a2200349 i 4500
001 - NÚMERO DE CONTROL
campo de control 000004306
003 - IDENTIFICADOR DEL NÚMERO DE CONTROL
campo de control DO-SdBNP
005 - FECHA Y HORA DE LA ÚLTIMA TRANSACCIÓN
campo de control 20250909152003.0
007 - CAMPO FIJO DE DESCRIPCIÓN FÍSICA--INFORMACIÓN GENERAL
campo de control de longitud fija ta
008 - DATOS DE LONGITUD FIJA--INFORMACIÓN GENERAL
campo de control de longitud fija 090721s2004 dr ab 001 0 spa d
020 ## - NÚMERO INTERNACIONAL ESTÁNDAR DEL LIBRO
Número Internacional Estándar del Libro 9993481335
040 ## - FUENTE DE LA CATALOGACIÓN
Centro catalogador/agencia de origen DO-SdBNP
Lengua de catalogación spa
Centro/agencia transcriptor BNPHU
Normas de descripción rda
041 ## - CÓDIGO DE LENGUA
Código de lengua del texto/banda sonora o título independiente spa
082 #4 - NÚMERO DE LA CLASIFICACIÓN DECIMAL DEWEY
Número de clasificación 972.93
Número de documento/Ítem C314c
Número de edición 22
100 1# - ENTRADA PRINCIPAL--NOMBRE DE PERSONA
Nombre de persona Carrera Montero, Fernando,
Fechas asociadas al nombre 1948-
9 (RLIN) 12713
Término indicativo de función/relación autor
Código de función/relación aut.
245 14 - MENCIÓN DE TÍTULO
Título Las complejas relaciones de España con La Española :
Resto del título el Caribe hispano frente a Santo Domingo y Saint Domingue 1789-1803 /
Mención de responsabilidad, etc. Fernando Carrera Montero ; índice onomástico y toponímico, Ida Hernández Caamaño
264 ## - PRODUCCIÓN, PUBLICACIÓN, DISTRIBUCIÓN, FABRICACIÓN Y COPYRIGHT
Producción, publicación, distribución, fabricación y copyright Santo Domingo :
Nombre del de productor, editor, distribuidor, fabricante Fundación García Arévalo,
Fecha de producción, publicación, distribución, fabricación o copyright 2004.
300 ## - DESCRIPCIÓN FÍSICA
Extensión 595 páginas :
Otras características físicas ilustraciones, mapas ;
Dimensiones 23 cm.
336 ## - TIPO DE CONTENIDO
Término de tipo de contenido texto
Código de tipo de contenido txt
Fuente rdacontent
337 ## - TIPO DE MEDIO
Nombre/término del tipo de medio sin mediación
Código del tipo de medio n
Fuente rdamedia
338 ## - TIPO DE SOPORTE
Nombre/término del tipo de soporte volumen
Código del tipo de soporte nc
Fuente rdacarrier
490 ## - MENCIÓN DE SERIE
Mención de serie Documental
Designación de volumen o secuencia 4
500 ## - NOTA GENERAL
Nota general Incluye índice onomástico y toponímico (p.565-584)
500 ## - NOTA GENERAL
Nota general Incluye referencias bibliográficas y notas al pie de las páginas
504 ## - NOTA DE BIBLIOGRAFÍA, ETC.
Nota de bibliografía, etc. Bibliografía : p. 553-562
590 ## - NOTA LOCAL (RLIN)
Nota local Inventariado, 2024/BT
651 #4 - PUNTO DE ACCESO ADICIONAL DE MATERIA--NOMBRE GEOGRÁFICO
Nombre geográfico La Española (Isla)
Subdivisión general Historia
Subdivisión cronológica Siglo XVIII
9 (RLIN) 12714
651 #4 - PUNTO DE ACCESO ADICIONAL DE MATERIA--NOMBRE GEOGRÁFICO
Nombre geográfico República Dominicana
Subdivisión geográfica Historia
Subdivisión cronológica 1844
9 (RLIN) 12715
651 #4 - PUNTO DE ACCESO ADICIONAL DE MATERIA--NOMBRE GEOGRÁFICO
Nombre geográfico Haiti
Subdivisión general Historia
Subdivisión cronológica Revolución, 1791-1804
9 (RLIN) 9645
910 ## - DATOS DE OPCIÓN DEL USUARIO (OCLC)
Datos de opción del usuario Validado. Control de calidad MFF
942 ## - ELEMENTOS DE PUNTO DE ACCESO ADICIONAL (KOHA)
Fuente del sistema de clasificación o colocación Dewey Decimal Classification
Tipo de ítem Koha Libro
Holdings
Estado de retiro Estado de pérdida Fuente del sistema de clasificación o colocación Restricciones de uso No para préstamo Código de colección Localización permanente Ubicación/localización actual Ubicación en estantería Fecha de adquisición Total de préstamos Signatura topográfica completa Código de barras Fecha visto por última vez Precio válido a partir de Tipo de ítem Koha Fuente de adquisición Número de copia Nota pública
    Dewey Decimal Classification Excluido de préstamo   Patrimonio Dominicano Biblioteca Nacional Pedro Henríquez Ureña Biblioteca Nacional Pedro Henríquez Ureña Depósito 21.07.2009   BNPHU PD 972.93 C314c 4306-10 25.06.2020 25.06.2020 Libro      
    Dewey Decimal Classification Excluido de préstamo   Patrimonio Dominicano Biblioteca Nacional Pedro Henríquez Ureña Biblioteca Nacional Pedro Henríquez Ureña Depósito 08.05.2024   BNPHU PD 972.93 C314c 2024-2830 08.05.2024 08.05.2024 Libro Donación e.2 Perteneció a la biblioteca personal de Emilio Cordero Michel.
    Dewey Decimal Classification Préstamo en sala   Dominicana de Servicio Biblioteca Nacional Pedro Henríquez Ureña Biblioteca Nacional Pedro Henríquez Ureña Depósito 29.08.2025   BNPHU DS 972.93 C314c 2025-9054 29.08.2025 29.08.2025 Libro   e.3  
    Dewey Decimal Classification Préstamo en sala   Dominicana de Servicio Biblioteca Nacional Pedro Henríquez Ureña Biblioteca Nacional Pedro Henríquez Ureña Depósito 29.03.2022   BNPHU DS 972.93 C314c 2025-9055 29.08.2025 29.08.2025 Libro Donado por Johanna e.4  

Powered by Koha